000 00650cam a22002411 4500
001 6688
003 BD-RjUL
005 20211208234307.0
008 140112s1958 nyua s 000 0 eng d
035 _a(BD-RjUL)6729
035 _a(OCoLC)243352
040 _aDLC
_cOAkU
_dWaChenE
_dDLC
_d(BD-RjUL)
_beng
041 _aeng
082 0 0 _a311.2
_bYUG
100 1 _aYuker, Harold E.
_921026
245 1 2 _aA guide to statistical calculations /
_cYuker, Harold E.
260 _aNew York :
_bPutnam ;
_c[c1958]
300 _a95 p. :
_billus. ;
_c24 cm.
650 0 _aStatistics.
_921027
942 _2ddc
_cBK
999 _c6688
_d6688